| 000 | 00716nam a2200229 i 4500 | ||
|---|---|---|---|
| 001 | bg | ||
| 100 | 1 | _aWALA, Małgorzata | |
| 245 | 0 | 0 |
_aZbiór przepisów podatkowych na 2007 rok / _coprac. Małgorzata Wala. |
| 250 | _aStan prawny na 1 stycznia 2007 r. | ||
| 260 |
_aGorzów Wielkopolski : _bWydawnictwo Podatkowe GOFIN, _c2007. |
||
| 300 |
_a392 s. ; _c24 cm. |
||
| 490 | 1 |
_a[Biblioteka Podatnika], _x1234-7582 |
|
| 650 | 9 |
_aPodatek _xprawo _zPolska _ystan na 2007 r. |
|
| 830 |
_a[Biblioteka Podatnika], _x1234-7582 |
||
| 020 | _a9788389056030 | ||
| 040 | _cBPK | ||
| 041 | 0 | _apol | |
| 080 | _a336.221.24](438) | ||
| 920 | _a978-83-89056-03-0 | ||
| 942 | _cKS | ||
| 008 | s pl f |000 0 pol | ||
| 999 |
_c53701 _d53701 |
||
| 856 |
_uhttp://koha.tu.koszalin.pl/cgi-bin/koha/opac-detail.pl?biblionumber=53701 _yKatalog online BPK |
||